00996cam a2200241 450000100060000000300080000600500170001400800410003102000150007203500190008704000320010604100080013808200290014624501900017526000550036530000190042035000090043950001190044865000360056770000280060370000300063171000930066148226BD-RjUL20211209054501.0700511s1969 enk b 000 0 eng  a0851570674 a(BD-RjUL)48345 aDLCcDLCdDLCdBD-RjULbeng aeng00a016.027662223bREA 196900aReading round the world:ba set of international reading lists /ccompiled by members of the International Federation of Library Associations and edited by Frank Gardner & M. Joy Lewis. aLondon,bBingley on behalf of the I.F.L.A.,c1969. a260 p.c23 cm. a45/- aCompiled by members of the Libraries in Hospitals Section of the International Federation of Library Associations. 0aHospital librariesvBook lists.1 aGardner, Frank M.,eed.1 aLewis, Marigold Joy,eed.2 aInternational Federation of Library Associations.bSubsection on Libraries in Hospitals.